|
|
|
|
| LEADER |
00705cam a2200193 7i4500 |
| 001 |
0000001758 |
| 005 |
20210209090000.0 |
| 020 |
|
|
|a 0824719298 (hbk.)
|
| 090 |
0 |
0 |
|a QD262
|b .C38 1998
|
| 245 |
0 |
0 |
|a Catalysis of organic reactions
|c edited by Frank E. Herkes.
|
| 260 |
|
|
|a New York:
|b Marcel Dekker, Inc.,
|c 1998.
|
| 300 |
|
|
|a xxiv, 642 p.:
|b ill.;
|c 24 cm.
|
| 490 |
1 |
|
|a Chemical industries;
|v v. 75
|
| 504 |
|
|
|a Includes bibliographical references and index
|
| 650 |
0 |
0 |
|a Organic compounds --
|x Synthesis
|
| 650 |
0 |
0 |
|a Catalysis
|
| 700 |
1 |
|
|a Herkes, Frank E.
|
| 997 |
|
|
|a Engineering & Life Sciences, Faculty
|b Science & Biotechnology, Department
|
| 999 |
|
|
|a 0000008794
|b BOK
|c OPEN SHELF
|e 2nd Floor, Bestari Jaya
|